| 000 | 00538nam a22001937a 4500 | ||
|---|---|---|---|
| 005 | 20260407150143.0 | ||
| 020 | _a978-0-7619-6763-7 | ||
| 041 | _aeng | ||
| 082 |
_223rd. _a335.4 _bTOR |
||
| 100 | _aTormey, Simon | ||
| 245 |
_aKey thinkers rom critical theory to post-Marxism _cSimon Tormey and Jules Townshend |
||
| 260 |
_aLondon _bSAGE _c2011 |
||
| 300 |
_avi,234p.; _c24cm. |
||
| 650 | _aCommunism | ||
| 650 | _aPostmodernism-Political aspects | ||
| 700 | _aTownshend, Jules | ||
| 856 | _uwww.sagepublications.com | ||
| 942 | _cBK | ||
| 999 |
_c184596 _d184595 |
||